Statistics for 10 Most Guessed Countries that Start with B

Click here to take the quiz!

General Stats

  • This quiz has been taken 26 times
  • The average score is 8 of 10

Answer Stats

Answer% Correct
Belgium
96%
Bolivia
88%
Brazil
88%
Bahamas
80%
Bangladesh
80%
Bhutan
80%
Bulgaria
80%
Belarus
72%
Bosnia
72%
Belize
64%

Score Distribution

Percentile by Number Answered

Percent of People with Each Score

Your Score History

You have not taken this quiz